Statistics for Lean On - Major Lazer lyrics

Click here to take the quiz!

General Stats

  • This quiz has been taken 252 times
  • The average score is 119 of 149

Answer Stats

Answer% Correct
on
99%
lean
98%
a
97%
to
95%
we
95%
need
94%
all
92%
you
90%
fire
88%
the
88%
do
87%
gun
86%
someone
85%
go
82%
is
82%
long
82%
somebody
82%
blow
81%
were
81%
ago
80%
and
80%
kiss
80%
recall
80%
walk
79%
for
78%
night
78%
was
78%
each
77%
other
77%
side
77%
young
76%
would
74%
did
73%
not
73%
remember
73%
let
72%
when
70%
care
69%
bold
67%
sidewalk
67%
wind
67%
hold
65%
around
64%
blows
64%
my
63%
but
62%
innocent
62%
road
62%
same
62%
what
62%
will
62%
be
61%
by
61%
there
60%
get
59%
old
59%
only
57%
come
55%
down
54%
are
53%
as
53%
home
53%
over
52%
warm
49%
strong
48%
standing
47%
nights
46%
waves
44%
roll
43%
longing
41%

Score Distribution

Percentile by Number Answered

Percent of People with Each Score

Your Score History

You have not taken this quiz